Vzdělávání v podmínkách územního řízení
V riadení regionálneho školstva v ČR došlo k zásadnej zmene: k premene rezortného riadenia na územné. Rozdelenie kompetencií bývalých referátov školstva. Tvorba regionálnych a miestnych vzdelávacích politík. Informácie z konferencie Vzdelávanie v podmienkach územného riadenia, ktorá sa konala v dňoc...
Gespeichert in:
| 1. Verfasser: | |
|---|---|
| Format: | Buchkapitel |
| Sprache: | Tschechisch |
| Schlagworte: | |
| Tags: |
Keine Tags, Fügen Sie das erste Tag hinzu!
|
MARC
| LEADER | 00000naa a2200000 4500 | ||
|---|---|---|---|
| 001 | r047801 | ||
| 005 | 20230919103812.1 | ||
| 041 | 0 | |a cze | |
| 044 | |a CZ | ||
| 245 | 1 | 0 | |a Vzdělávání v podmínkách územního řízení |c Antonín Malach |
| 520 | |a V riadení regionálneho školstva v ČR došlo k zásadnej zmene: k premene rezortného riadenia na územné. Rozdelenie kompetencií bývalých referátov školstva. Tvorba regionálnych a miestnych vzdelávacích politík. Informácie z konferencie Vzdelávanie v podmienkach územného riadenia, ktorá sa konala v dňoch 11.-12.9.2002 v ČR. | ||
| 610 | 2 | 0 | |a vzdelávanie |
| 610 | 2 | 0 | |a politika školská |
| 610 | 2 | 0 | |a školstvo |
| 610 | 2 | 0 | |a kompetencie |
| 610 | 2 | 0 | |a správa verejná |
| 610 | 2 | 0 | |a reformy |
| 610 | 2 | 0 | |a Česko |
| 610 | 2 | 0 | |a konferencie |
| 100 | 1 | |a Malach, Antonín | |